[Event "Klatovy op-B 29th"]
[Site "Klatovy"]
[Date "2023.07.02"]
[Round "2"]
[White "Hladka, Leontyna"]
[Black "Paldus, Jan"]
[Result "0-1"]
[WhiteElo "1393"]
[BlackElo "1684"]
[PlyCount "136"]
[EventDate "2023.07.01"]
[EventType "swiss"]
[EventRounds "9"]
[EventCountry "CZE"]
[SourceTitle "CBM 215 Extra"]
[Source "ChessBase"]
[SourceDate "2023.09.30"]
[SourceVersion "1"]
[SourceVersionDate "2023.09.30"]
[SourceQuality "1"]

1. e4 d6 2. d4 Nf6 3. Nc3 g6 4. f4 Bg7 5. Nf3 c5 6. dxc5 Qa5 7. Bd3 Qxc5 8. Qe2 Bg4 9. h3 Bxf3 10. Qxf3 Nc6 11. Be3 Qa5 12. 0-0 0-0 13. Kh1 Nb4 14. f5 Nxd3 15. cxd3 b5 16. a3 b4 17. axb4 Qxb4 18. Rf2 a5 19. Ra4 Qb7 20. Bg5 Kh8 21. Qe3 Qa7 22. Qxa7 Rxa7 23. b4 h6 24. Be3 Rb7 25. bxa5 Rb3 26. Bd2 Nd7 27. d4 Ra8 28. fxg6 fxg6 29. Rf7 Rb2 30. Ra2 Rxa2 31. Nxa2 Bf6 32. Rxf6 Nxf6 33. e5 dxe5 34. dxe5 Nd7 35. Bc3 e6 36. Nc1 Nc5 37. Ne2 Kg7 38. Nd4 Ra6 39. Nb5 Kf7 40. Nd6+ Kg8 41. Kh2 Nb3 42. Nb7 Ra7 43. Nd8 Nxa5 44. Nxe6 Nc6 45. Nf4 g5 46. Ne2 Nxe5 47. Bxe5 Re7 48. Bf6 Rxe2 49. h4 g4 50. Kg3 h5 51. Bg5 Kf7 52. Kh2 Kg6 53. Kg3 Kf5 54. Kh2 Ra2 55. Be7 Ke4 56. Bd6 Ke3 57. Kg1 Ra1+ 58. Kh2 Ke2 59. g3 Kf3 60. Bc7 Ra2+ 61. Kg1 Rg2+ 62. Kf1 Rxg3 63. Bxg3 Kxg3 64. Kg1 Kxh4 65. Kh2 g3+ 66. Kg2 Kg4 67. Kg1 Kf3 68. Kf1 g2+ 0-1

[Event "Ceske Budejovice op"]
[Site "Ceske Budejovice"]
[Date "2021.07.09"]
[Round "9"]
[White "Musil, Vitezslav"]
[Black "Paldus, Jan"]
[Result "1/2-1/2"]
[WhiteElo "1918"]
[BlackElo "1698"]
[PlyCount "50"]
[EventDate "2021.07.01"]
[EventType "swiss"]
[EventRounds "9"]
[EventCountry "CZE"]
[SourceTitle "CBM 203 Extra"]
[Source "ChessBase"]
[SourceDate "2021.09.30"]
[SourceVersion "1"]
[SourceVersionDate "2021.09.30"]
[SourceQuality "1"]

1. Nf3 d5 2. c4 c6 3. g3 Nf6 4. b3 Bf5 5. Bg2 e6 6. d3 h6 7. 0-0 Be7 8. Bb2 0-0 9. Nbd2 Nbd7 10. Rc1 Rc8 11. d4 dxc4 12. Nxc4 c5 13. Ne3 Be4 14. Ne5 Bxg2 15. Kxg2 cxd4 16. Bxd4 Nxe5 17. Bxe5 Rxc1 18. Qxc1 Qa5 19. Qa1 Rd8 20. Nc4 Qd5+ 21. Kg1 Ne8 22. Ne3 Qd2 23. Re1 Qb4 24. Bc3 Qe4 25. Qb1 Qxb1 1/2-1/2

[Event "Ricany op-A"]
[Site "Ricany"]
[Date "2018.09.01"]
[Round "9"]
[White "Ruzicka, Vaclav1111"]
[Black "Paldus, Jan"]
[Result "1/2-1/2"]
[WhiteElo "1659"]
[BlackElo "1812"]
[PlyCount "67"]
[EventDate "2018.08.25"]
[EventType "swiss"]
[EventRounds "9"]
[EventCountry "CZE"]
[SourceTitle "EXT 2020"]
[Source "ChessBase"]
[SourceDate "2019.10.17"]
[SourceVersion "1"]
[SourceVersionDate "2019.10.17"]
[SourceQuality "1"]

1. d4 d5 2. Bf4 e6 3. e3 c5 4. c3 Qb6 5. Qb3 Nd7 6. Nf3 Ngf6 7. Nbd2 c4 8. Qc2 Nh5 9. Bg3 Nxg3 10. hxg3 h6 11. b3 cxb3 12. axb3 Qc7 13. Bd3 Be7 14. e4 dxe4 15. Nxe4 Nf6 16. Nxf6+ Bxf6 17. Bb5+ Bd7 18. Bxd7+ Qxd7 19. Qa2 0-0 20. 0-0 Rfc8 21. Rac1 Rc6 22. Rfd1 Qc7 23. c4 Ra6 24. Qe2 Rd8 25. Ne5 Rb6 26. Qe3 Rbd6 27. f4 b6 28. Rc3 Be7 29. Rcd3 Bf6 30. Kf1 Qb7 31. b4 b5 32. c5 Rd5 33. g4 Kf8 34. Rc3 1/2-1/2

[Event "Ricany op-A"]
[Site "Ricany"]
[Date "2018.08.28"]
[Round "5"]
[White "Havel, Jan"]
[Black "Paldus, Jan"]
[Result "1/2-1/2"]
[WhiteElo "1710"]
[BlackElo "1812"]
[PlyCount "63"]
[EventDate "2018.08.25"]
[EventType "swiss"]
[EventRounds "9"]
[EventCountry "CZE"]
[SourceTitle "EXT 2019"]
[Source "ChessBase"]
[SourceDate "2018.10.10"]
[SourceVersion "1"]
[SourceVersionDate "2018.10.10"]
[SourceQuality "1"]

1. d4 d5 2. c4 e6 3. Nc3 Nf6 4. Bg5 Be7 5. Nf3 0-0 6. e3 h6 7. Bh4 Ne4 8. Bxe7 Qxe7 9. cxd5 exd5 10. Rc1 c6 11. Nd2 Bf5 12. Ndxe4 dxe4 13. g3 Nd7 14. Bg2 Nf6 15. 0-0 Bg4 16. Qc2 Bf5 17. Rce1 Rfe8 18. a3 Qd7 19. Na4 b6 20. Rc1 Rac8 21. b4 Bh3 22. Nc3 Bxg2 23. Kxg2 Qf5 24. Qe2 Nd5 25. Nxd5 cxd5 26. Rfd1 h5 27. h3 g6 28. g4 hxg4 29. Qxg4 Qxg4+ 30. hxg4 g5 31. a4 a6 32. b5 1/2-1/2

[Event "Ricany op-A"]
[Site "Ricany"]
[Date "2018.08.25"]
[Round "1"]
[White "Petr, Jakub"]
[Black "Paldus, Jan"]
[Result "1-0"]
[WhiteElo "2145"]
[BlackElo "1812"]
[PlyCount "67"]
[EventDate "2018.08.25"]
[EventType "swiss"]
[EventRounds "9"]
[EventCountry "CZE"]
[SourceTitle "EXT 2019"]
[Source "ChessBase"]
[SourceDate "2018.10.10"]
[SourceVersion "1"]
[SourceVersionDate "2018.10.10"]
[SourceQuality "1"]

1. e4 d5 2. exd5 Qxd5 3. Nc3 Qa5 4. d4 c6 5. Nf3 Nf6 6. Bd2 Qc7 7. Bc4 Bg4 8. h3 Bh5 9. g4 Bg6 10. Ne5 e6 11. Bf4 Bd6 12. Qe2 Qe7 13. Nxg6 hxg6 14. Bxd6 Qxd6 15. 0-0-0 Nbd7 16. Kb1 0-0-0 17. g5 Nd5 18. Ne4 Qf4 19. Bb3 Rh4 20. f3 Rdh8 21. c4 Nc7 22. d5 exd5 23. cxd5 c5 24. d6 Ne6 25. Bd5 Rxh3 26. Rxh3 Rxh3 27. Qb5 Nd8 28. Nxc5 Qf5+ 29. Ka1 Nxc5 30. Qxc5+ Nc6 31. Qc4 Kd8 32. Bxc6 bxc6 33. Qa6 Qxg5 34. Qb7 1-0

[Event "Klatovy op-A 24th"]
[Site "Klatovy"]
[Date "2018.07.01"]
[Round "2"]
[White "Kozak, Milos"]
[Black "Paldus, Jan"]
[Result "1-0"]
[WhiteElo "2156"]
[BlackElo "1778"]
[PlyCount "77"]
[EventDate "2018.06.30"]
[EventType "swiss"]
[EventRounds "9"]
[EventCountry "CZE"]
[SourceTitle "CBM 185 Extra"]
[Source "ChessBase"]
[SourceDate "2018.07.29"]
[SourceVersion "1"]
[SourceVersionDate "2018.07.29"]
[SourceQuality "1"]

1. d4 d5 2. c4 e6 3. Nf3 Nf6 4. g3 Be7 5. Bg2 0-0 6. 0-0 Nbd7 7. Qc2 h6 8. Rd1 b6 9. Ne5 Bb7 10. cxd5 Nxd5 11. a3 Qc8 12. e4 N5f6 13. Nc6 Bxc6 14. Qxc6 e5 15. f4 exd4 16. e5 Qa6 17. exf6 Nxf6 18. Bf1 Qc8 19. Qf3 c5 20. Nd2 Qg4 21. Qxg4 Nxg4 22. Nf3 Bd6 23. Bd2 Rfe8 24. Re1 Kf8 25. Rxe8+ Rxe8 26. Re1 Rxe1 27. Nxe1 Ke7 28. Bd3 Nf6 29. Nc2 Nd7 30. a4 a5 31. Kg2 Bc7 32. g4 Nf8 33. Kf3 f6 34. h4 Ne6 35. h5 Bd8 36. Ne1 Bc7 37. Ng2 Bb8 38. Nh4 Kd6 39. Bc4 1-0

[Event "CZE-chT2B 1718"]
[Site "Czech Republic"]
[Date "2018.01.28"]
[Round "7.8"]
[White "Paldus, Jan"]
[Black "Lajbl, Jan"]
[Result "0-1"]
[WhiteElo "1805"]
[BlackElo "1811"]
[PlyCount "60"]
[EventDate "2017.10.15"]
[EventType "team-tourn"]
[EventRounds "11"]
[EventCountry "CZE"]
[SourceTitle "EXT 2022"]
[Source "ChessBase"]
[SourceDate "2021.10.06"]
[SourceVersion "1"]
[SourceVersionDate "2021.10.06"]
[SourceQuality "1"]
[WhiteTeam "Bakov nad Jizerou"]
[BlackTeam "Jicin"]
[WhiteTeamCountry "CZE"]
[BlackTeamCountry "CZE"]

1. e4 c6 2. d4 d5 3. Nc3 dxe4 4. Nxe4 Bf5 5. Ng3 Bg6 6. h4 h6 7. h5 Bh7 8. Nf3 Nd7 9. Bd3 Bxd3 10. Qxd3 Ngf6 11. c3 e6 12. Ne4 Nxe4 13. Qxe4 Nf6 14. Qe2 Bd6 15. Ne5 Bxe5 16. dxe5 Nd5 17. Qg4 Qc7 18. Qg3 0-0-0 19. Bd2 Nb6 20. 0-0-0 Nc4 21. Bf4 Qa5 22. Kb1 Qb5 23. b3 Na3+ 24. Kb2 Qe2+ 25. Rd2 Rxd2+ 26. Bxd2 Nc4+ 27. bxc4 Qxd2+ 28. Kb3 a5 29. a4 Rd8 30. Qxg7 Rd3 0-1

[Event "Klatovy op-A 23rd"]
[Site "Klatovy"]
[Date "2017.07.02"]
[Round "2"]
[White "Paldus, Jan"]
[Black "Danek, Vaclav"]
[Result "1-0"]
[WhiteElo "1770"]
[BlackElo "1953"]
[PlyCount "65"]
[EventDate "2017.07.01"]
[EventType "swiss"]
[EventRounds "9"]
[EventCountry "CZE"]
[SourceTitle "EXT 2018"]
[Source "ChessBase"]
[SourceDate "2017.10.13"]
[SourceVersion "1"]
[SourceVersionDate "2017.10.13"]
[SourceQuality "1"]

1. e4 e5 2. Nf3 Nc6 3. Bb5 a6 4. Ba4 Nf6 5. 0-0 b5 6. Bb3 Be7 7. Re1 0-0 8. c3 d6 9. d4 Bg4 10. Be3 h6 11. Nbd2 d5 12. Bc2 Re8 13. h3 exd4 14. cxd4 Be6 15. e5 Nh7 16. Bxh7+ Kxh7 17. Qc2+ g6 18. Qxc6 Qc8 19. Kh2 Rf8 20. Rac1 Bd8 21. Nb3 Rb8 22. Qc2 Bf5 23. Qd2 g5 24. Na5 Rb6 25. Rc6 f6 26. Rxb6 cxb6 27. Rc1 Qd7 28. Nc6 Bc7 29. Qc3 Rf7 30. Nb4 Be4 31. Nxa6 Bd8 32. Qc8 Qe7 33. Nb8 1-0

[Event "Klatovy op 22nd"]
[Site "Klatovy"]
[Date "2016.07.09"]
[Round "8"]
[White "Sysel, Jaroslav"]
[Black "Paldus, Jan"]
[Result "1/2-1/2"]
[WhiteElo "1879"]
[BlackElo "1753"]
[PlyCount "44"]
[EventDate "2016.07.02"]
[EventType "swiss"]
[EventRounds "9"]
[EventCountry "CZE"]
[SourceTitle "EXT 2019"]
[Source "ChessBase"]
[SourceDate "2018.10.10"]
[SourceVersion "1"]
[SourceVersionDate "2018.10.10"]
[SourceQuality "1"]

1. e4 d5 2. e5 c5 3. f4 Nc6 4. Nf3 Bg4 5. Bb5 e6 6. Bxc6+ bxc6 7. h3 Bf5 8. d3 h6 9. 0-0 Qb6 10. Kh1 Ne7 11. Nh4 Bh7 12. Qh5 Nf5 13. Nxf5 Bxf5 14. g4 Bg6 15. Qh4 Be7 16. Qe1 h5 17. f5 hxg4 18. fxg6 Rxh3+ 19. Kg2 Bh4 20. gxf7+ Kf8 21. Qe2 Rg3+ 22. Kh2 Rh3+ 1/2-1/2

[Event "CZE-chT2B 1415"]
[Site "Czech Republic"]
[Date "2014.12.14"]
[Round "4.8"]
[White "Svab, Jan"]
[Black "Paldus, Jan"]
[Result "1-0"]
[WhiteElo "2042"]
[BlackElo "1735"]
[PlyCount "55"]
[EventDate "2014.11.02"]
[EventType "team-tourn"]
[EventRounds "11"]
[EventCountry "CZE"]
[SourceTitle "EXT 2022"]
[Source "ChessBase"]
[SourceDate "2021.10.06"]
[SourceVersion "1"]
[SourceVersionDate "2021.10.06"]
[SourceQuality "1"]
[WhiteTeam "Most Chess"]
[BlackTeam "Bakov nad Jizerou"]
[WhiteTeamCountry "CZE"]
[BlackTeamCountry "CZE"]

1. e4 c5 2. Nf3 d6 3. d4 cxd4 4. Nxd4 Nf6 5. Nc3 g6 6. f3 Bg7 7. Be3 0-0 8. Qd2 Nc6 9. Bc4 Bd7 10. 0-0-0 Qa5 11. Kb1 Rac8 12. Bb3 Rfe8 13. g4 Ne5 14. Bh6 Nc4 15. Bxc4 Rxc4 16. Nb3 Qc7 17. h4 b5 18. Bxg7 Kxg7 19. h5 Rh8 20. hxg6 fxg6 21. e5 Ne8 22. Nd5 Qd8 23. Qh6+ Kf7 24. Nf4 Rxf4 25. Qxf4+ Kg7 26. Nd4 Qc8 27. Rde1 Qc4 28. e6 1-0